000 00459nam a2200169Ia 4500
003 GCL
008 140319s9999 xx 000 0 eng d
040 _aGCL /
_cGCL
082 0 4 _a107
_bR S
100 1 _aROGERS, ARTHUR K.
245 1 0 _aA STUDENT HISTORY OF PHILOSOPHY /
_cROGERS, ARTHUR K.
260 _a[S.N] :
_bTHE MACMILLAN COMPANY ،
_c1960
650 0 4 _aPHILOSOPHY
650 0 4 _aGREEK - PHILOSOPHY
650 0 4 _aMODERN PHILOSOPHY
942 _2ddc
_cBK
999 _c17436
_d17436